Trendy v marketingu
Podmienky uplatnenia marketingu. Prehlbovanie trhovej segmentácie. Vývoj paradigiem v marketingu. Posun marketingu od marketingu transakcií k marketingu vzťahov, charakteristika marketingu vzťahov. Cieľ nových paradigiem - tvorba hodnoty pre zákazníka. Pojem hodnota zákazníka, model vytvárania hodno...
Guardado en:
| Autor principal: | |
|---|---|
| Otros Autores: | |
| Formato: | Capítulo de libro |
| Lenguaje: | checo |
| Materias: | |
| Etiquetas: |
Sin Etiquetas, Sea el primero en etiquetar este registro!
|
MARC
| LEADER | 00000naa$a2200000$$$4500 | ||
|---|---|---|---|
| 001 | 0059717 | ||
| 005 | 20231114075808.4 | ||
| 041 | 0 | |a cze | |
| 044 | |a CZ | ||
| 245 | 1 | 0 | |a Trendy v marketingu |c Gustav Tomek, Věra Vávrová |
| 520 | |a Podmienky uplatnenia marketingu. Prehlbovanie trhovej segmentácie. Vývoj paradigiem v marketingu. Posun marketingu od marketingu transakcií k marketingu vzťahov, charakteristika marketingu vzťahov. Cieľ nových paradigiem - tvorba hodnoty pre zákazníka. Pojem hodnota zákazníka, model vytvárania hodnoty zákazníka. Nové trendy z hľadiska marketingových nástrojov. | ||
| 610 | 2 | 0 | |a marketing |
| 610 | 2 | 0 | |a segmentácia trhu |
| 610 | 2 | 0 | |a paradigma |
| 610 | 2 | 0 | |a zákazníci |
| 610 | 2 | 0 | |a hodnota |
| 610 | 2 | 0 | |a nástroje marketingové |
| 100 | 1 | |a Tomek, Gustav | |
| 700 | 1 | |a Vávrová, Věra | |